00536nam a22001697a 450000500170000001000150001702000260003203500140005803700130007208200100008510000240009524500780011926000420019727000820023930000240032170000210034520220729120933.0 aENG-134094 a9788170007463c900.00 aEN-117626 bDBAB/PUB a025.4 aShukla, Akhandanand aWebometric Studies and Libraries/cAkhandanand Shukla and Aditya Tripathi aNew DelhibEss Ess Publicationsc2015 a4831/24, Ansari Road, Darya GanjbNew Delhie110002minfo@essessreference.com aix, 222p.c22cm(hb) aTripathi, Aditya